Catálogo
 En Linea

Compu siglo : (Registro nro. 37029)

Detalles MARC
000 -CABECERA
campo de control de longitud fija 00624nas a2200205 4500
001 - NÚMERO DE CONTROL
campo de control 000037539
003 - IDENTIFICADOR DEL NÚMERO DE CONTROL
campo de control DO-SdBNP
005 - FECHA Y HORA DE LA ÚLTIMA TRANSACCIÓN
campo de control 20240830123950.0
008 - DATOS DE LONGITUD FIJA--INFORMACIÓN GENERAL
campo de control de longitud fija 120423c19979999dr mr1p dd 0 0spa d
040 ## - FUENTE DE LA CATALOGACIÓN
Centro catalogador/agencia de origen DO-SdBNP
Lengua de catalogación spa
Centro/agencia transcriptor BNPHU
043 ## - CÓDIGO DE ÁREA GEOGRÁFICA
Código de área geográfica nwdr
245 00 - MENCIÓN DE TÍTULO
Título Compu siglo :
Resto del título revista de circulación mensual.
260 ## - PUBLICACIÓN, DISTRIBUCIÓN, ETC.
Lugar de publicación, distribución, etc. Santo Domingo :
Nombre del editor, distribuidor, etc. El Siglo,
Fecha de publicación, distribución, etc. 1997.
300 ## - DESCRIPCIÓN FÍSICA
Extensión v.- :
Otras características físicas il. ;
Dimensiones 29 cm.
310 ## - PERIODICIDAD ACTUAL
Periodicidad actual Mensual
362 1# - FECHAS DE PUBLICACIÓN Y/O DESIGNACIÓN SECUENCIAL
Fecha de publicación y/o designación secuencial Año 1. no. 2, (jul. 1997)
500 ## - NOTA GENERAL
Nota general Catalogación basada en :
650 #4 - PUNTO DE ACCESO ADICIONAL DE MATERIA--TÉRMINO DE MATERIA
Término de materia o nombre geográfico como elemento de entrada Informática infromática
Subdivisión de forma PUBLICACIONES PERIÓDICAS
Subdivisión geográfica República Dominicana
9 (RLIN) 63996
942 ## - ELEMENTOS DE PUNTO DE ACCESO ADICIONAL (KOHA)
Fuente del sistema de clasificación o colocación Dewey Decimal Classification
Tipo de ítem Koha Publicación periódica

No hay ítems disponibles.

Con tecnología Koha